Το εγώ της νόησης : φαντασίες και στοχασμοί για τον εαυτό και την ψυχή
Αποθηκεύτηκε σε:
| Κύριοι συγγραφείς: | , |
|---|---|
| Άλλοι συγγραφείς: | , |
| Μορφή: | Βιβλίο |
| Γλώσσα: | Greek English |
| Δημοσίευση: |
Αθήνα :
Κάτοπτρο,
c1993.
|
| Σειρά: | Εγκέφαλος και νόηση
|
| Θέματα: | |
| Ετικέτες: |
Προσθήκη ετικέτας
Δεν υπάρχουν, Καταχωρήστε ετικέτα πρώτοι!
|
MARC
| LEADER | 00000cam a2200000 i 4500 | ||
|---|---|---|---|
| 001 | 1/37633 | ||
| 008 | 950412s1993 gr | ||| |||| ||gre|| | ||
| 020 | |a 9607023439 | ||
| 035 | |1 ΕΛΗ |a 1997 |b 1604 |c ΤΟΚΑΤΛΙΔΟΥ |l 10040561 | ||
| 035 | |a 1995 | ||
| 040 | |a GR-MyUa |b gre |e AACR2 | ||
| 041 | 1 | |a gre |h eng | |
| 082 | 7 | |a 126 |2 (21) | |
| 100 | 1 | |a Hofstadter, Douglas R., |d 1945- | |
| 245 | 1 | 3 | |a Το εγώ της νόησης : |b φαντασίες και στοχασμοί για τον εαυτό και την ψυχή / |c επιλογή και σύνθεση, Douglas R. Hofstadter και Daniel C. Dennett ; μετάφραση, Μυρτώ Αντωνοπούλου ; επιστημονική επιμέλεια, Σπύρος Μανουσέλης. |
| 260 | |a Αθήνα : |b Κάτοπτρο, |c c1993. | ||
| 300 | |a 567 σ. : |b εικ. ; |c 24 εκ. | ||
| 490 | 1 | |a (Εγκέφαλος και νόηση) | |
| 500 | |a Περιλαμβάνει ευρετήριο. | ||
| 650 | 0 | |a Self (Philosophy) | |
| 650 | 0 | |a Self (Philosophy) |x Literary collections. | |
| 650 | 0 | |a Intellect. | |
| 650 | 0 | |a Intellect |x Literary collections. | |
| 650 | 0 | |a Consciousness. | |
| 650 | 0 | |a Consciousness |x Literary collections. | |
| 650 | 0 | |a Soul. | |
| 650 | 0 | |a Soul |x Literary collections. | |
| 700 | 1 | |a Dennett, Daniel Clement, |e aut | |
| 700 | 1 | |a Αντωνοπούλου, Μυρτώ, |e trlf | |
| 700 | 1 | |a Μανουσέλης, Σπύρος, |e edt | |
| 765 | 0 | 8 | |i Μετάφραση του: |t The mind's I : |
| 830 | 0 | |a Εγκέφαλος και νόηση | |
| 852 | |a INST |b CHIOS |e 20100914 |h 126 HOF |p 005200031837 |q 005200031837 |t BK |y 0 | ||
| 852 | |a INST |b LEMNOS |e 20100125 |h 126 HOF |p 005600000299 |q 005600000299 |t BK |y 0 | ||
| 852 | |a INST |b LESVOS |e 20100315 |h 126 HOF |p 005100046158 |q 005100046158 |t BK |y 0 | ||
| 852 | |a INST |b RHODES |e 20120110 |h 126 HOF |p 005400033905 |q 005400033905 |t BK |y 0 | ||
| 852 | |a INST |b SAMOS |e 19970506 |h 126 HOF |p 005300011946 |q 005300011946 |t BK |y 0 | ||
| 852 | |a INST |b SAMOS |e 20000218 |h 126 HOF |p 005300015873 |q 005300015873 |t BK |y 0 | ||
| 852 | |a INST |b SAMOS |e 19950412 |h 126 HOF |p 005300031126 |q 005300031126 |t BK |y 4 |x 20210215 | ||
| 852 | |a INST |b SYROS |e 20040528 |h 126 HOF |p 005500002868 |q 005500002868 |t BK |y 0 | ||
| 852 | |a INST |b SYROS |e 20040528 |h 126 HOF |p 005500002869 |q 005500002869 |t BK |y 0 | ||
| 852 | |a INST |b SYROS |e 20040528 |h 126 HOF |p 005500002870 |q 005500002870 |t BK |y 0 | ||
| 852 | |a INST |b SYROS |e 20040528 |h 126 HOF |p 005500002871 |q 005500002871 |t BK |y 0 | ||
| 852 | |a INST |b SYROS |e 20040528 |h 126 HOF |p 005500002872 |q 005500002872 |t BK |y 0 | ||
| 901 | |a BIBL3-2009-3 | ||
| 901 | |a BIBL4-2012-1 | ||
| 901 | |a BIBL5-2004-2 | ||
| 901 | |a BIBL3-2000-1 | ||
| 901 | |a BIBL3-1998-1 | ||
| 901 | |a BIBL6-2010-1 | ||
| 901 | |a BIBL1-2010-1 | ||
| 901 | |a BIBL2-2010-2 | ||
| 920 | |a Φοιτητική Μέριμνα Σύρου |y Σάμος |z 2009-11 | ||
| 922 | |a 3ΕΛΗ |b 199912 |c Βιβλιοθήκη |d Παπασωτηρίου | ||
| 970 | |a Πουρνάρας |b Δημήτρης |z 18/02/2000 | ||